| Tag |
First Indicator |
Second Indicator |
Subfields |
| LEADER |
00000cam a2200000 4500 |
| 001 |
in00003480113 |
| 005 |
20151206122638.0 |
| 008 |
910607s1968 00100 ENG c |
| 010 |
|
|
|a 76384721
|
| 040 |
|
|
|d UtOrBLW
|
| 090 |
|
|
|a PR6065.G7
|b D9
|
| 100 |
1 |
|
|a O'Grady, Desmond,
|d 1935-
|
| 245 |
1 |
4 |
|a The dying Gaul.
|
| 264 |
|
1 |
|a London :
|b MacGibbon & Kee,
|c 1968.
|
| 300 |
|
|
|a 50 pages ;
|c 21 cm.
|
| 336 |
|
|
|a text
|b txt
|2 rdacontent
|
| 337 |
|
|
|a unmediated
|b n
|2 rdamedia
|
| 338 |
|
|
|a volume
|b nc
|2 rdacarrier
|
| 999 |
|
|
|a MARS
|
| 999 |
f |
f |
|s 799fc474-97f4-329f-a33e-ec3a1a8a1235
|i 0b7a6aea-96c8-327e-8e45-4e71cd132fc1
|t 0
|
| 952 |
f |
f |
|p ric
|a Texas A&M University
|b Rellis Campus
|c Joint Library Facility
|d Remote Storage
|t 0
|e PR6065.G7 D9
|h Library of Congress classification
|i unmediated -- volume
|m 32060001715412
|
| 998 |
f |
f |
|a PR6065.G7 D9
|t 0
|l Remote Storage
|